| 000 | 01109nam a2200253 a 4500 | ||
|---|---|---|---|
| 003 | MX-MxUPN | ||
| 005 | 20240413063725.0 | ||
| 008 | 991125m19071910mx r 000 0 spa d | ||
| 035 | _aUPN01000031984 | ||
| 040 |
_aMX-MxUPN _bspa _cMX-MxUPN |
||
| 041 | 0 | _aspa | |
| 050 | 4 | _aF1233 I5.4 | |
| 245 | 0 | 3 | _aLa intervención francesa en México según el archivo del Mariscal Bazaine |
| 260 |
_aMéxico : _bLibrería de la Vda. de Ch. Bouret, _c1907-1910 |
||
| 300 | _a10 volúmenes | ||
| 490 | 0 |
_aDocumentos inéditos ó muy raros para la historia de México ; _v14, 16-18, 20, 24, 26, 27, 30, 33 |
|
| 500 | _aLos 10 volúmenes tienen ex libris de P.B. Molina, sellos de la Biblioteca Ancona Horruytiner y sellos del Museo Pedagógico Nacional. | ||
| 500 | _aTexto en español y francés | ||
| 651 | 4 |
_aMéxico _xHistoria _yIntervención y Segundo Imperio, 1861-1867 _910588 |
|
| 700 | 0 |
_aP.B. Molina _951433 _epropietario anterior |
|
| 710 | 2 |
_aBiblioteca Ancona Horruytiner _951429 _epropietario anterior |
|
| 710 | 2 |
_aMuseo Pedagógico Nacional (México) _951335 _epropietario anterior |
|
| 942 |
_2lcc _cLIBRO |
||
| 999 |
_c31984 _d31984 |
||